Follow That Line: Monk Quiz Stats

 Plays Quiz not verified by Sporcle

Score 0/26 Timer 12:00
0 Plays Today
% Correct
I'm not dead... am I?
95.9%
And a curse.
95.5%
Obviously, I had to throw some things away.
95.5%
I'm a muss.
95.5%
Oh, about... a trillion.
95.4%
Puff Daddy, plus 1.
95.3%
Or an ex-cop's assistant.
95.1%
I know that's a difficult concept because for you every room is a panic room.
95%
I'd kill someone not to get it.
94.9%
Animals do things on the ground - terrible, terrible things.
94.9%
On three... you come up with a great idea.
94.8%
It's like... forgetting you're a Republican.
94.8%
Yeah, those imaginary girlfriends can be pretty wild.
94.8%
% Correct
Well... yeah, it kinda does.
94.7%
Kindergarten.
94.5%
Would you like us to move the crash site a little closer to you?
93.6%
Really? Do you know her other boss? The crazy one?
93.4%
It goes: germs, needles, milk, death, snakes, mushrooms, heights, crowds, elevators...
93.1%
We have nothing in common. I annoy you all the time. Why wouldn't they believe it?
92.6%
Wow! It is so rubbery!
92%
I don't have to visit it, do I? Or-or water it, or think about it?
91.6%
No! No. No, no, no, no, no. Let's call that plan never-do.
90.5%
If there was, you would have been killed by a falling rocket scientist years ago!
90.1%
I just solved the case!
89.6%
We're working on the milk. He's making good progress on milk.
80.2%
You're doing the Lord's work.
79.4%

You're not logged in!

Compare scores with friends on all Sporcle quizzes.
OR
Log In

Show Comments

Extras

Top Quizzes Today


Score Distribution

Your Account Isn't Verified!

In order to create a playlist on Sporcle, you need to verify the email address you used during registration. Go to your Sporcle Settings to finish the process.

Report this User

Report this user for behavior that violates our Community Guidelines.

Details: